Письмо А. И. Левшину от графа Толстого

Доступно только в Электронных читальных залах Найти на картеНа карте
RUSMARC
00004075nac2a22002893x 450
001a76f5fe0-bced-42ab-b8d0-90542d09f203
00520211220170950.0
100##$a20211122l1858 k y0rusy50 ca
1010#$arus
102##$aRU
105##$ay z |||||
1220#$ad18581231
2001#$aПисьмо А. И. Левшину от графа Толстого
$j1858
215##$a10 листов
251##$cДело
300##$aЗаголовок дела на папке: Письмо А. И. Левшину от графа Толстого. 1858 г.
300##$aРукописный текст
330##$aВходит в раздел описи: 6. Переписка разных лиц
461#0$1001702d5e87-6901-4c63-8165-d848da7b6444
$12001
$aАрцимович Виктор Антонович, сенатор, Тобольский (1854-1858 гг.) и Калужский (1858-1862 гг.) губернатор, вице-председатель государственного совета Царства Польского (С 1863 г.)
$1251
$cФонд
$1852
$j815
462#0$1001559b76c2-49f1-4f4f-bd3c-238599c7510c
$12001
$aДела постоянного хранения. 1821-1891
$vД. 477
$1251
$cОпись
$1852
$j1
5171#$aПисьмо А. И. Левшину от графа Толстого. 1858 г.
600#1$aАрцимович
$bВ. А.
$gВиктор Антонович
600#1$aЛевшин
$bА. И.
600#1$aТолстой
$cграф
801#0$aRU
$bGA_RF
801#1$aRU
$bГлавНИВЦ
$c20211122
$2rusmarc
801#2$aRU
$bПБ им. Б.Н. Ельцина
$c20211220
$gRCR
$2rusmarc
852##$aГА РФ
$j477
937##$d171859695
$hГАРФ
035##$aRuPRLIB51061899
856##$uhttp://readingroom.main.prlib.ru/item.aspx?id_node=n171859695&mode=full
Формат отображения